LEADER 00984nam0 2200277 450 001 000014813 005 20080725101927.0 010 $a88-204-3407-5 100 $a20080725d1989----km-y0itay50------ba 101 0 $aita 102 $aIT 105 $ay-------001yy 200 1 $a<>pubbliche amministrazioni negli anni '90$euna indagine sull'alta dirigenza dello Stato$fCensis, Centro studi investimenti sociali 210 $aMilano$cFranco Angeli$dc1989 215 $a169 p.$d22 cm 225 2 $aMateriali di ricerca$fCensis 300 $aSegue: Appendice. 410 0$12001$aMateriali di ricerca 610 1 $aAmministrazione pubblica$aPersonale direttivo$aInchieste 676 $a353.001$v12$9Amministrazione centrale italiana. Gestione del personale 710 02$aCensis$09271 801 0$aIT$bUNIPARTHENOPE$c20080725$gRICA$2UNIMARC 912 $a000014813 951 $a327/19$b6576$cNAVA2 996 $aPubbliche amministrazioni negli anni '90$9315050 997 $aUNIPARTHENOPE LEADER 01003nam2 22002531i 450 001 RML0340084 005 20231121125757.0 100 $a20121123d1981 ||||0itac50 ba 101 | $afre 102 $ach 181 1$6z01$ai $bxxxe 182 1$6z01$an 200 0 $a[2.]$fClaudine Lacoste-Veysseyre 210 $aGeneve $cSlatkine - [Moncalieri] $cCentro interuniversitario di ricerche sul viaggio in Italia $d1981 215 $a973 p.$d24 cm 461 1$1001RML0281622$12001 $a˜Les œalpes romantiques$ele theme des Alpes dans la litterature francaise de 1800 a 1850$fClaudine Lacoste-Veysseyre 801 3$aIT$bIT-01$c20121123 850 $aIT-FR0017 899 $aBiblioteca umanistica Giorgio Aprea$bFR0017 912 $aRML0340084 950 2$aBiblioteca umanistica Giorgio Aprea$d 52CIS 6/56.2$e 52VM 0000513345 VM barcode:00031048. - Inventario:15273 MAGVM$fA $h20041213$i20121205 977 $a 52 996 $a2$961340 997 $aUNICAS